[Event "South Wales Summer op"]
[Site "Penarth"]
[Date "2017.09.03"]
[Round "5"]
[White "Brown, Thomas"]
[Black "Morris, Gareth"]
[Result "1-0"]
[WhiteElo "2020"]
[BlackElo "2063"]
[PlyCount "93"]
[EventDate "2017.09.01"]
[EventType "swiss"]
[EventRounds "5"]
[EventCountry "WLS"]
[SourceTitle "EXT 2019"]
[Source "ChessBase"]
[SourceDate "2018.10.10"]
[SourceVersion "1"]
[SourceVersionDate "2018.10.10"]
[SourceQuality "1"]

1. d4 Nf6 2. c4 c5 3. d5 b5 4. cxb5 a6 5. bxa6 g6 6. Nc3 Bg7 7. Nf3 0-0 8. g3 d6 9. Bg2 Bxa6 10. 0-0 Nbd7 11. Qc2 Ng4 12. b3 Qa5 13. Bd2 Rfb8 14. Rfe1 Qd8 15. Rab1 Nge5 16. Nxe5 Bxe5 17. h4 Nf8 18. h5 Bc8 19. hxg6 hxg6 20. a4 Bd7 21. Be4 Qc8 22. Bg5 Qe8 23. Kg2 Rb4 24. Bd3 Bg7 25. Nb5 Rc8 26. Bd2 Rxb5 27. Bxb5 Bxb5 28. axb5 Qxb5 29. Qc4 Qb7 30. e4 Nd7 31. Bc3 Nf6 32. Bxf6 Bxf6 33. Rec1 Bd4 34. b4 Qd7 35. b5 Qg4 36. Qd3 Kg7 37. Qf3 Qg5 38. Qf4 Qh5 39. Rh1 Qe2 40. Rh3 Rh8 41. Rxh8 Kxh8 42. b6 Bxf2 43. Rh1+ Kg8 44. Qxf2 Qxe4+ 45. Qf3 Qc2+ 46. Kh3 Qb2 47. Re1 1-0

[Event "South Wales Summer op"]
[Site "Penarth"]
[Date "2017.09.03"]
[Round "4"]
[White "Morris, Gareth"]
[Black "Jukes, Sam"]
[Result "1-0"]
[WhiteElo "2063"]
[BlackElo "1733"]
[PlyCount "49"]
[EventDate "2017.09.01"]
[EventType "swiss"]
[EventRounds "5"]
[EventCountry "WLS"]
[SourceTitle "EXT 2019"]
[Source "ChessBase"]
[SourceDate "2018.10.10"]
[SourceVersion "1"]
[SourceVersionDate "2018.10.10"]
[SourceQuality "1"]

1. d4 Nf6 2. Nf3 d5 3. c4 e6 4. Nc3 c5 5. cxd5 exd5 6. g3 cxd4 7. Nxd4 Be7 8. Bg2 0-0 9. 0-0 Nc6 10. Bg5 h6 11. Be3 Be6 12. h3 Qd7 13. Kh2 Nxd4 14. Bxd4 Rfd8 15. Rc1 Ne4 16. Qa4 Nxc3 17. Qxd7 Rxd7 18. Rxc3 b5 19. Rfc1 a6 20. Bf3 f5 21. Rc6 Bf7 22. h4 Kh7 23. Kg2 g5 24. hxg5 hxg5 25. Rh1+ 1-0

[Event "BCF-ch Seniors 50"]
[Site "Llandudno"]
[Date "2017.08.03"]
[Round "5"]
[White "Morris, Gareth"]
[Black "Towers, Nigel S"]
[Result "1-0"]
[WhiteElo "2062"]
[BlackElo "1795"]
[PlyCount "83"]
[EventDate "2017.07.30"]
[EventType "swiss"]
[EventRounds "7"]
[EventCountry "WLS"]
[SourceTitle "CBM 179 Extra"]
[Source "ChessBase"]
[SourceDate "2017.08.23"]
[SourceVersion "1"]
[SourceVersionDate "2017.08.23"]
[SourceQuality "1"]

1. d4 Nf6 2. Nf3 e6 3. c4 Bb4+ 4. Nbd2 0-0 5. a3 Be7 6. e4 d5 7. e5 Nfd7 8. Bd3 dxc4 9. Bxc4 Nb6 10. Ba2 Nd5 11. 0-0 b6 12. Ne4 Bb7 13. Re1 Na6 14. b4 c5 15. dxc5 bxc5 16. b5 Nac7 17. Qb3 Qd7 18. Rb1 Rfd8 19. Bg5 Ne8 20. Rbc1 Rac8 21. Bxe7 Qxe7 22. Qc2 Nf4 23. Bc4 h6 24. h4 Rc7 25. g3 Nd5 26. Qe2 Nb6 27. Bb3 Rcd7 28. Bc2 Rc8 29. a4 Nd5 30. Nh2 Nb4 31. Bb1 Bd5 32. Qh5 Bxe4 33. Rxe4 f5 34. Rxb4 Rcd8 35. Rbc4 Rd5 36. Qe2 Rd2 37. Qe3 Qb7 38. Qf3 R8d5 39. Nf1 Rb2 40. Ne3 Rb3 41. Bxf5 Qe7 42. Bxe6+ 1-0

[Event "South Wales New Year op"]
[Site "Penarth"]
[Date "2016.01.10"]
[Round "4"]
[White "Morris, Gareth"]
[Black "Pleasants, Allan J"]
[Result "1/2-1/2"]
[WhiteElo "2066"]
[BlackElo "2049"]
[PlyCount "125"]
[EventDate "2016.01.08"]
[EventType "swiss"]
[EventRounds "5"]
[EventCountry "WLS"]
[SourceTitle "EXT 2024"]
[Source "ChessBase"]
[SourceDate "2023.10.10"]
[SourceVersion "1"]
[SourceVersionDate "2023.10.10"]
[SourceQuality "1"]

1. d4 d6 2. c4 e5 3. d5 f5 4. e4 Nf6 5. Nc3 g6 6. exf5 gxf5 7. Be2 Bg7 8. Bh5+ Nxh5 9. Qxh5+ Kf8 10. Bh6 Qf6 11. Bxg7+ Kxg7 12. f4 Bd7 13. Nf3 Na6 14. 0-0-0 Nc5 15. Kc2 Rae8 16. Qg5+ Qxg5 17. Nxg5 h6 18. Nh3 e4 19. Rde1 Kf6 20. Re3 Rhg8 21. g3 Nd3 22. Rf1 c5 23. a3 a6 24. Nf2 Nxf2 25. Rxf2 b5 26. b3 Rb8 27. Rf1 Rb7 28. cxb5 axb5 29. b4 Ra8 30. Kb2 Rba7 31. g4 Kf7 32. bxc5 dxc5 33. Nb1 fxg4 34. f5 Ra4 35. Rc1 Bxf5 36. Rxc5 b4 37. Rb5 bxa3+ 38. Nxa3 Rd4 39. Nc2 Rd2 40. Kc3 Rxh2 41. Kb3 Rh3 42. Kb4 Rc8 43. Rc5 Rxc5 44. Kxc5 Ke8 45. Kd4 h5 46. Ke5 Rxe3 47. Nxe3 Bc8 48. Kxe4 h4 49. Kf4 h3 50. Nf1 Ke7 51. Kg3 Kd6 52. Kh2 Kxd5 53. Ng3 Ke5 54. Nh5 Kf5 55. Ng3+ Kf4 56. Ne2+ Kf3 57. Ng3 Ba6 58. Nh5 Bf1 59. Ng3 Bd3 60. Nh5 Kf2 61. Ng3 Bg6 62. Nh1+ Kf3 63. Ng3 1/2-1/2

[Event "South Wales New Year op"]
[Site "Penarth"]
[Date "2016.01.10"]
[Round "5"]
[White "Ralphs, Nigel"]
[Black "Morris, Gareth"]
[Result "1-0"]
[WhiteElo "1976"]
[BlackElo "2066"]
[PlyCount "85"]
[EventDate "2016.01.08"]
[EventType "swiss"]
[EventRounds "5"]
[EventCountry "WLS"]
[SourceTitle "EXT 2024"]
[Source "ChessBase"]
[SourceDate "2023.10.10"]
[SourceVersion "1"]
[SourceVersionDate "2023.10.10"]
[SourceQuality "1"]

1. e4 c5 2. Nf3 Nc6 3. Bb5 e6 4. Bxc6 bxc6 5. b3 d6 6. e5 dxe5 7. Nxe5 Qd4 8. Nd3 Qe4+ 9. Kf1 Ba6 10. Qe2 Bxd3 11. Qxd3 Qxd3+ 12. cxd3 Nf6 13. Nc3 Rd8 14. Ke2 Be7 15. Bb2 0-0 16. Rac1 Nd5 17. Nxd5 Rxd5 18. Rc4 Rfd8 19. d4 e5 20. Re1 cxd4 21. Kd3 f5 22. f3 c5 23. Ra4 R8d7 24. Kc4 Bf6 25. Rxa7 Rxa7 26. Kxd5 Rxa2 27. Rb1 Kf7 28. Kxc5 Ke6 29. d3 h5 30. b4 Be7+ 31. Kc4 g5 32. Kb3 Ra8 33. Ra1 Rb8 34. Ra6+ Bd6 35. Ba3 g4 36. b5 Rxb5+ 37. Kc4 Rd5 38. Bb4 f4 39. Rb6 h4 40. h3 gxh3 41. gxh3 e4 42. dxe4 Rg5 43. Bxd6 1-0

[Event "BCF-chT2d 1112 (4NCL)"]
[Site "England"]
[Date "2012.04.01"]
[Round "8.45"]
[White "Morris, Gareth"]
[Black "Freeman, Richard"]
[Result "0-1"]
[WhiteElo "2105"]
[BlackElo "2028"]
[PlyCount "82"]
[EventDate "2011.11.12"]
[EventType "team-swiss"]
[EventRounds "11"]
[EventCountry "ENG"]
[SourceTitle "EXT 2013"]
[Source "ChessBase"]
[SourceDate "2012.11.22"]
[SourceVersion "1"]
[SourceVersionDate "2012.11.22"]
[SourceQuality "1"]
[WhiteTeam "Rhyfelwyr Essyllwg"]
[BlackTeam "FCA Solutions"]
[WhiteTeamCountry "ENG"]
[BlackTeamCountry "ENG"]

1. Nf3 c5 2. c4 g6 3. g3 Bg7 4. Bg2 Nc6 5. Nc3 e5 6. d3 Nge7 7. h4 h6 8. Bd2 d6 9. a3 Be6 10. Rb1 Qd7 11. b4 Rd8 12. Na4 b6 13. b5 Nd4 14. Ng1 d5 15. e3 Ndf5 16. cxd5 Bxd5 17. e4 Ba8 18. Bf1 c4 19. exf5 Bxh1 20. fxg6 fxg6 21. dxc4 0-0 22. Be3 Qf5 23. Qb3 Kh7 24. Nc3 Qc8 25. Bh3 Qc7 26. h5 gxh5 27. Nge2 Kh8 28. Rd1 Ba8 29. Rxd8 Rxd8 30. a4 Qb7 31. Kf1 Rd3 32. Qc2 Qh1+ 33. Ng1 e4 34. Nb1 Ng6 35. Bg2 Qh2 36. Nd2 h4 37. gxh4 Nxh4 38. Bxe4 Bxe4 39. Nxe4 Rxe3 40. Ne2 Qh1+ 41. Ng1 Qg2# 0-1

[Event "WLS-ch 57th"]
[Site "Cardiff"]
[Date "2011.04.24"]
[Round "4"]
[White "Morris, Gareth"]
[Black "Pleasants, Allan J"]
[Result "0-1"]
[WhiteElo "2131"]
[BlackElo "2056"]
[PlyCount "126"]
[EventDate "2011.04.22"]
[EventType "swiss"]
[EventRounds "7"]
[EventCountry "WLS"]
[SourceTitle "CBM 142 Extra"]
[Source "ChessBase"]
[SourceDate "2011.06.27"]
[SourceVersion "1"]
[SourceVersionDate "2011.06.27"]
[SourceQuality "1"]

1. d4 Nf6 2. c4 c5 3. d5 b5 4. f3 d6 5. e4 b4 6. Bd3 g6 7. f4 Bg7 8. Nf3 0-0 9. 0-0 Qc7 10. Nbd2 Nbd7 11. Rb1 a5 12. b3 a4 13. bxa4 Nb6 14. Bc2 Bd7 15. Qe1 Nxa4 16. Bb3 Nc3 17. Rb2 e6 18. e5 Ne8 19. Rc2 exd5 20. cxd5 Bf5 21. Rxc3 bxc3 22. Nc4 Bd3 23. Rf2 Bxc4 24. Bxc4 Qe7 25. Qxc3 Nc7 26. Re2 Rab8 27. Bb2 f6 28. exd6 Qxd6 29. f5 Rfe8 30. Rxe8+ Rxe8 31. Ng5 Nxd5 32. Qd2 fxg5 33. Bxd5+ Kh8 34. fxg6 Qxg6 35. g3 Qb1+ 36. Bc1 Bd4+ 37. Kg2 Qf5 38. Bc6 Rf8 39. Qe2 Qf2+ 40. Qxf2 Rxf2+ 41. Kh3 Rxa2 42. Bd5 g4+ 43. Kxg4 Rxh2 44. Bf4 Kg7 45. Kf5 Rc2 46. Ke4 Rc3 47. g4 Bf6 48. g5 Bd4 49. Be6 Ra3 50. Kd5 Rf3 51. Ke4 Rf2 52. Bd5 Kg6 53. Bc4 Rb2 54. Bd3 Rb3 55. Bd2 Rb7 56. Kd5+ Kg7 57. Bf4 Kf7 58. Ke4 Rd7 59. Bb5 Re7+ 60. Kd5 Kg6 61. Bd3+ Kh5 62. Be4 Kg4 63. Bc1 Re5+ 0-1

[Event "RB-2011-0-00109"]
[Site "LSS email"]
[Date "2011.03.29"]
[Round "?"]
[White "Morris, Gareth"]
[Black "Silva Filho, Alcindo Luz Bastos"]
[Result "0-1"]
[WhiteElo "1800"]
[BlackElo "1731"]
[PlyCount "34"]
[EventDate "2011.02.13"]
[EventType "tourn (corr)"]
[EventRounds "6"]
[EventCountry "GER"]
[SourceTitle "Corr 2015"]
[Source "ChessBase"]
[SourceDate "2015.07.17"]
[SourceVersion "1"]
[SourceVersionDate "2015.07.17"]
[SourceQuality "1"]

1. d4 Nf6 2. c4 e6 3. Nc3 Bb4 4. a3 Bxc3+ 5. bxc3 0-0 6. e3 c5 7. Bd3 d5 8. cxd5 Qxd5 9. f3 cxd4 10. cxd4 b6 11. Ne2 Ba6 12. e4 Qb7 13. 0-0 Rc8 14. Ng3 h6 15. Qe2 Bxd3 16. Qxd3 b5 17. Bb2 Nbd7 0-1

[Event "RB-2011-0-00109"]
[Site "LSS email"]
[Date "2011.03.29"]
[Round "?"]
[White "Seiler, Peter"]
[Black "Morris, Gareth"]
[Result "1-0"]
[WhiteElo "1823"]
[BlackElo "1800"]
[PlyCount "35"]
[EventDate "2011.02.13"]
[EventType "tourn (corr)"]
[EventRounds "6"]
[EventCountry "GER"]
[SourceTitle "Telechess CBM 147"]
[Source "ChessBase"]
[SourceDate "2012.03.16"]
[SourceVersion "1"]
[SourceVersionDate "2012.03.16"]
[SourceQuality "1"]

1. e4 e6 2. d4 d5 3. Nc3 Nf6 4. e5 Nfd7 5. f4 c5 6. Nf3 Nc6 7. Be3 cxd4 8. Nxd4 Bc5 9. Qd2 0-0 10. 0-0-0 a6 11. Nb3 b6 12. h4 Bb7 13. Rh3 Rc8 14. h5 Bb4 15. h6 g6 16. a3 Be7 17. Kb1 b5 18. g4 1-0

[Event "OP-2011-0-01467"]
[Site "LSS email"]
[Date "2011.03.28"]
[Round "?"]
[White "Morris, Gareth"]
[Black "Bieszk, Stanislaw"]
[Result "0-1"]
[WhiteElo "1800"]
[BlackElo "934"]
[PlyCount "42"]
[EventDate "2011.03.25"]
[EventType "tourn (corr)"]
[EventRounds "4"]
[EventCountry "GER"]
[SourceTitle "Telechess CBM 145"]
[Source "Chessbase"]
[SourceDate "2011.11.11"]
[SourceVersion "1"]
[SourceVersionDate "2011.11.11"]
[SourceQuality "1"]

1. d4 Nf6 2. c4 e6 3. Nc3 Bb4 4. a3 Bxc3+ 5. bxc3 c5 6. e3 0-0 7. Bd3 Nc6 8. Ne2 b6 9. e4 Ne8 10. 0-0 Ba6 11. f4 d5 12. Bb2 dxc4 13. Bc2 cxd4 14. cxd4 c3 15. Bxc3 Bxe2 16. Qxe2 Nxd4 17. Bxd4 Qxd4+ 18. Kh1 Rc8 19. f5 exf5 20. Rxf5 Rc5 21. e5 g6 0-1

[Event "BCF-chT3 0910 (4NCL)"]
[Site "England"]
[Date "2009.10.25"]
[Round "2.2"]
[White "Ludbrook, Matthew"]
[Black "Morris, Gareth"]
[Result "0-1"]
[WhiteElo "2011"]
[BlackElo "2147"]
[PlyCount "56"]
[EventDate "2009.10.24"]
[EventType "team-tourn"]
[EventRounds "11"]
[EventCountry "ENG"]
[SourceTitle "EXT 2011"]
[Source "ChessBase"]
[SourceDate "2010.11.26"]
[SourceVersion "1"]
[SourceVersionDate "2010.11.26"]
[SourceQuality "1"]
[WhiteTeam "Oxford III"]
[BlackTeam "Rhyfelwyr Essyllwg"]
[WhiteTeamCountry "ENG"]
[BlackTeamCountry "ENG"]

1. e4 c5 2. Nc3 Nc6 3. g3 g6 4. Bg2 Bg7 5. d3 d6 6. Be3 Rb8 7. Qd2 b5 8. h3 b4 9. Nd1 Qb6 10. f4 f5 11. Ne2 Nf6 12. 0-0 0-0 13. Kh2 Kh8 14. c3 bxc3 15. bxc3 Ba6 16. Re1 fxe4 17. dxe4 Na5 18. Bg1 Nc4 19. Qc1 e5 20. g4 exf4 21. Nxf4 Nxg4+ 22. Kh1 Bh6 23. hxg4 Bxf4 24. Qc2 Qd8 25. Bf2 Qg5 26. Bh3 Ne5 27. Be3 Qh4 28. Nf2 Bxe3 0-1

[Event "Bristol SBC op"]
[Site "Bristol"]
[Date "2009.08.16"]
[Round "4"]
[White "Morris, Gareth"]
[Black "Waterfield, John"]
[Result "1-0"]
[WhiteElo "2147"]
[BlackElo "2019"]
[PlyCount "77"]
[EventDate "2009.08.14"]
[EventType "swiss"]
[EventRounds "5"]
[EventCountry "ENG"]
[SourceTitle "CBM 131 Extra"]
[Source "ChessBase"]
[SourceDate "2009.09.03"]
[SourceVersion "2"]
[SourceVersionDate "2009.09.16"]
[SourceQuality "1"]

1. Nc3 c5 2. Nf3 Nc6 3. d4 cxd4 4. Nxd4 g6 5. Nb3 Bg7 6. g3 Nf6 7. Bg2 0-0 8. 0-0 d6 9. h3 Be6 10. e4 Qd7 11. Kh2 Rfd8 12. Nd5 Ne5 13. Nd4 Bxd5 14. exd5 e6 15. f4 Nc4 16. dxe6 fxe6 17. Qe2 e5 18. fxe5 Nxe5 19. Bg5 Rf8 20. Bxf6 Bxf6 21. Qe4 Kg7 22. Qd5 Rae8 23. Rad1 Nf7 24. Rf2 Re5 25. Qxb7 Qxb7 26. Bxb7 Ng5 27. c4 Ne4 28. Rc2 Nc5 29. Bd5 Rfe8 30. Rdd2 Re3 31. Nf3 Nd3 32. a3 Rb8 33. b4 Ne5 34. Nd4 Rxa3 35. Nb5 Rd3 36. Kg2 Rxd2+ 37. Rxd2 a6 38. Nxd6 Rxb4 39. Ne8+ 1-0

[Event "BCF-chT1d 0809 (4NCL) Demotion pool"]
[Site "England"]
[Date "2009.05.04"]
[Round "11.5"]
[White "Morris, Gareth"]
[Black "Eames, Robert"]
[Result "0-1"]
[WhiteElo "2156"]
[BlackElo "2312"]
[PlyCount "60"]
[EventDate "2008.10.04"]
[EventType "team-tourn"]
[EventRounds "4"]
[EventCountry "ENG"]
[SourceTitle "EXT 2010"]
[Source "ChessBase"]
[SourceDate "2010.11.25"]
[SourceVersion "1"]
[SourceVersionDate "2010.11.25"]
[SourceQuality "1"]
[WhiteTeam "SW Dragons"]
[BlackTeam "Betsson.com"]
[WhiteTeamCountry "ENG"]
[BlackTeamCountry "ENG"]

1. Nc3 c5 2. Nf3 Nc6 3. d4 cxd4 4. Nxd4 Nf6 5. Bg5 Qa5 6. Bxf6 gxf6 7. Nb3 Qe5 8. g3 e6 9. a3 h5 10. h4 d5 11. Bg2 f5 12. e3 b6 13. Qe2 Bb7 14. 0-0 Bg7 15. Rab1 a6 16. Rfd1 0-0-0 17. Na4 f4 18. Nxb6+ Kc7 19. gxf4 Qf6 20. Na4 Bf8 21. Nbc5 Bxc5 22. Nxc5 Rdg8 23. c4 Qxh4 24. Qf3 Rg6 25. Kf1 Rhg8 26. Qh3 Qe7 27. Nxb7 Rxg2 28. cxd5 exd5 29. Qxh5 d4 30. Nc5 Rxf2+ 0-1

[Event "Frome op"]
[Site "Frome"]
[Date "2008.05.10"]
[Round "3"]
[White "Wright, Robert C"]
[Black "Morris, Gareth"]
[Result "0-1"]
[WhiteElo "1752"]
[BlackElo "2133"]
[PlyCount "90"]
[EventDate "2008.05.09"]
[EventType "swiss"]
[EventRounds "5"]
[EventCountry "ENG"]
[SourceTitle "CBM 124 Extra"]
[Source "ChessBase"]
[SourceDate "2008.07.03"]
[SourceVersion "1"]
[SourceVersionDate "2008.07.03"]
[SourceQuality "1"]

1. d4 Nf6 2. f3 d5 3. e4 dxe4 4. Nc3 exf3 5. Nxf3 Bg4 6. h3 Bxf3 7. Qxf3 c6 8. Qf2 e6 9. Bg5 Be7 10. Bd3 Qa5 11. Bd2 Nbd7 12. 0-0 0-0 13. Rae1 Qb6 14. Qh4 Rfe8 15. Kh1 Nf8 16. Bg5 Ng6 17. Bxg6 hxg6 18. Ne4 Nxe4 19. Bxe7 Ng3+ 20. Qxg3 Rxe7 21. Qa3 Rd7 22. c3 Qc7 23. Qb3 Rd5 24. Qd1 Rad8 25. Qf3 Rf5 26. Qe3 Qa5 27. Rxf5 gxf5 28. Qg5 Rxd4 29. b4 Qd8 30. Qh5 Rd2 31. a4 Qd5 32. Re2 Rd1+ 33. Kh2 Qd6+ 34. g3 f4 35. Qf3 fxg3+ 36. Kg2 g6 37. h4 Rd3 38. Qe4 Kg7 39. Qg4 f5 40. Qc4 Rd5 41. Qa2 f4 42. c4 Rd3 43. Qa1+ Kf7 44. Qh8 f3+ 45. Kh3 fxe2 0-1

[Event "BCF-chT3 0708 (4NCL)"]
[Site "Sunningdale"]
[Date "2008.05.04"]
[Round "10.5"]
[White "Morris, Gareth"]
[Black "Makepeace, Philip"]
[Result "1-0"]
[WhiteElo "2133"]
[BlackElo "2015"]
[PlyCount "99"]
[EventDate "2007.09.15"]
[EventType "team-tourn"]
[EventRounds "11"]
[EventCountry "ENG"]
[SourceTitle "EXT 2023"]
[Source "ChessBase"]
[SourceDate "2022.10.05"]
[SourceVersion "1"]
[SourceVersionDate "2022.10.05"]
[SourceQuality "1"]
[WhiteTeam "SW Dragons II"]
[BlackTeam "Slough Sharks III"]
[WhiteTeamCountry "ENG"]
[BlackTeamCountry "ENG"]

1. d4 c5 2. d5 f5 3. c4 d6 4. Nc3 Nf6 5. g3 g6 6. Bg2 Bg7 7. Nh3 0-0 8. Nf4 a6 9. a4 Ng4 10. Qc2 Qe8 11. h3 Ne5 12. b3 Ra7 13. h4 Kh8 14. h5 g5 15. h6 Bf6 16. Nh5 b6 17. Bb2 Qg6 18. 0-0-0 Bd7 19. Ng7 b5 20. cxb5 axb5 21. axb5 c4 22. b4 Ng4 23. e4 Nxh6 24. Ne6 Bxe6 25. dxe6 Bg7 26. Rxh6 Bxh6 27. exf5 Qxf5 28. Be4 Qxf2 29. Rh1 Qxc2+ 30. Bxc2 Bg7 31. Bxh7 Rf1+ 32. Rxf1 Kxh7 33. Rf7 Kh6 34. g4 Rb7 35. Rf5 Be5 36. Kc2 Rb6 37. Bc1 Bf4 38. Nd5 Rxb5 39. Nxf4 Rxf5 40. gxf5 gxf4 41. b5 Kg5 42. Bxf4+ Kxf5 43. Bxd6 Nc6 44. bxc6 Kxe6 45. c7 Kd7 46. Be5 e6 47. Kc3 Kc8 48. Kxc4 Kd7 49. Kb5 Kc8 50. Kb6 1-0

[Event "WLS-ch"]
[Site "Cardiff"]
[Date "2008.03.24"]
[Round "6"]
[White "Blackburn, Jonathan LB"]
[Black "Morris, Gareth"]
[Result "0-1"]
[WhiteElo "2220"]
[BlackElo "2118"]
[PlyCount "68"]
[EventDate "2008.03.21"]
[EventType "swiss"]
[EventRounds "7"]
[EventCountry "WLS"]
[SourceTitle "CBM 123 Extra"]
[Source "ChessBase"]
[SourceDate "2008.05.06"]
[SourceVersion "1"]
[SourceVersionDate "2008.05.06"]
[SourceQuality "1"]

1. d4 Nf6 2. c4 c5 3. d5 b5 4. cxb5 a6 5. e3 e6 6. Nc3 Bb7 7. Nf3 Nxd5 8. Qb3 axb5 9. Bxb5 Nxc3 10. Qxc3 Be7 11. 0-0 0-0 12. Rd1 Qb6 13. a4 Bf6 14. Qe1 d5 15. e4 dxe4 16. Ng5 Rd8 17. Bf4 Rd4 18. Qe2 h6 19. Bxb8 hxg5 20. Bg3 Qd8 21. h3 Bd5 22. Rxd4 cxd4 23. Qd2 d3 24. a5 Rc8 25. Ba4 Bd4 26. Bd1 f5 27. Ra4 Bc6 28. Rc4 f4 29. Qb4 Ba7 30. Bg4 Bd5 31. Rxe4 fxg3 32. Rxe6 Rc1+ 33. Re1 Rxe1+ 34. Qxe1 gxf2+ 0-1

[Event "WLS-ch"]
[Site "Cardiff"]
[Date "2008.03.24"]
[Round "7"]
[White "Morris, Gareth"]
[Black "Rayner, Francis"]
[Result "0-1"]
[WhiteElo "2118"]
[BlackElo "2201"]
[PlyCount "82"]
[EventDate "2008.03.21"]
[EventType "swiss"]
[EventRounds "7"]
[EventCountry "WLS"]
[SourceTitle "CBM 123 Extra"]
[Source "ChessBase"]
[SourceDate "2008.05.06"]
[SourceVersion "1"]
[SourceVersionDate "2008.05.06"]
[SourceQuality "1"]

1. d4 Nf6 2. c4 e6 3. g3 Bb4+ 4. Bd2 Qe7 5. Bg2 Nc6 6. a3 Bxd2+ 7. Qxd2 d6 8. e3 a5 9. b3 e5 10. d5 Nb8 11. Ne2 0-0 12. 0-0 Nbd7 13. Qc2 Nc5 14. Nd2 Bd7 15. Nc3 c6 16. Rad1 Rfc8 17. b4 axb4 18. axb4 Na6 19. Qb3 c5 20. b5 Nb4 21. Ra1 Qd8 22. Nde4 Ne8 23. f4 exf4 24. exf4 Rxa1 25. Rxa1 Ra8 26. Qd1 h6 27. Nf2 Rxa1 28. Qxa1 Qe7 29. Qc1 Bf5 30. Be4 Bxe4 31. Ncxe4 f5 32. Nc3 Nf6 33. Kf1 Kf7 34. Qd2 Qe8 35. b6 Qe7 36. Nb5 Nd7 37. Nc7 Nxb6 38. Ne6 Nxc4 39. Qc3 Nxd5 40. Nd8+ Ke8 41. Qa1 Nce3+ 0-1

[Event "WLS-ch"]
[Site "Cardiff"]
[Date "2008.03.23"]
[Round "4"]
[White "Morris, Gareth"]
[Black "Blackburn, Suzie G"]
[Result "1-0"]
[WhiteElo "2118"]
[BlackElo "1856"]
[PlyCount "140"]
[EventDate "2008.03.21"]
[EventType "swiss"]
[EventRounds "7"]
[EventCountry "WLS"]
[SourceTitle "CBM 123 Extra"]
[Source "ChessBase"]
[SourceDate "2008.05.06"]
[SourceVersion "1"]
[SourceVersionDate "2008.05.06"]
[SourceQuality "1"]

1. d4 e6 2. c4 Nf6 3. g3 d5 4. Bg2 Be7 5. Nf3 0-0 6. 0-0 c5 7. cxd5 exd5 8. h3 Nc6 9. Nc3 Ne4 10. Be3 Bf6 11. dxc5 Nxc3 12. bxc3 Bxc3 13. Rc1 Bf6 14. Nd4 Nxd4 15. Bxd4 Be6 16. Qd3 Bxd4 17. Qxd4 Qd7 18. Kh2 Rfd8 19. Rfd1 Rac8 20. Rd3 Rc7 21. Ra3 a6 22. Rac3 h6 23. Rb1 Rdc8 24. Rbc1 Kh8 25. e3 Rc6 26. h4 R6c7 27. Bf3 Qd8 28. Kg2 Rc6 29. a3 R6c7 30. Rb1 Qd7 31. Kf1 Kg8 32. Ke2 Rc6 33. Rbc1 R6c7 34. a4 Qd8 35. Kd2 Qe7 36. Ke2 Qd7 37. Kf1 Qd8 38. Kg2 Rc6 39. Bd1 Qa5 40. Bb3 Qd8 41. f4 Kh8 42. Rf1 Qd7 43. Kh2 Rd8 44. a5 Rc7 45. Ba4 Qc8 46. Bb3 Qd7 47. Rf2 Bf5 48. Ba4 Qe6 49. Bc2 Bxc2 50. Rfxc2 Rdc8 51. Rb2 Kg8 52. Rb6 Qd7 53. Rb2 Qe6 54. Rd2 Qe7 55. Rdc2 Qd7 56. Kg2 Rd8 57. Rf2 Qf5 58. Kf3 Qh5+ 59. Kg2 Qf5 60. Rd2 Rdd7 61. Rcd3 Re7 62. Qxd5 Qxd5+ 63. Rxd5 Rxe3 64. Rd8+ Kh7 65. R8d7 Rxc5 66. Rxf7 Rcc3 67. g4 Rg3+ 68. Kf2 Rcf3+ 69. Ke2 Rg2+ 70. Kxf3 Rxd2 1-0